| 000 | nam a22 7a 4500 | ||
|---|---|---|---|
| 999 |
_c15505 _d15505 |
||
| 008 | 161101b xxu||||| |||| 00| 0 eng d | ||
| 020 | _a9780760324714 | ||
| 020 | _a 0760324719 | ||
| 050 | _aNC 825 A8T393 2006 | ||
| 100 | _aTaylor, Thom | ||
| 245 |
_aHow to draw crazy cars & mad monsters like a pro/ _cThom Taylor and Ed Newton |
||
| 260 |
_aSt. Paul, MN : _bMBI Pub., _c2006. |
||
| 300 |
_a143p. : _bill. ; _c27cm. |
||
| 500 | _aIncludes appendix and index. | ||
| 650 | _aAutomobiles in art. | ||
| 650 | _a Monsters in art. | ||
| 650 |
_aDrawing _xTechnique. |
||
| 700 | _aNewton, Ed | ||
| 942 |
_2lcc _cBOOKS _hNC 825 A8T393 2006 |
||